000 02033nam0a2200445 4500
001 RU\NLR\bibl\1698661
005 20250616060845.0
010 _a978-5-89016-560-2
_9500
021 _aRU
_b2010-77318
_95153
035 _a(nilc)RSL-KNO-004743272
035 _a(NLR Aleph) 001689747
090 _a1153234
_c1153234
100 _a20101011d2009 |||y0rusy50 ca
101 0 _arus
_deng
102 _aRU
105 _ah |||||||||
200 1 _aАгрессивный компонент полемических текстов и иллюстраций в современной газете
_dAggressive component of polemic texts and illustrations in modern newspapers
_eмонография
_fС.В. Аносова
_gФедер. агентство по образованию, Гос. образоват. учреждение высш. проф. образования "Тамбов. гос. ун-т им. Г.Р. Державина"
_zeng
210 _aТамбов
_cИзд-во ТГУ
_d2009
215 _a213 с.
_cфакс.
_d21
300 _aАвт. также на англ. яз.: S.N. Anosova
300 _aРез. на англ. яз.
320 _aБиблиогр.: с. 192-201
510 0 _6z45790
_aAggressive component of polemic texts and illustrations in modern newspapers
_zeng
606 1 _aГазеты
_xЯзык и стиль
_91080097
_3RU\NLR\auth\66103214
606 1 _aВербальная агрессия
_92344091
_3RU\NLR\auth\661400921
610 0 _aполемические тексты
610 0 _aагрессивность СМИ
686 _aЧ612.1,6(2)1,0
_2rubbk
686 _aЧ612.174.235
686 _aС550.353
686 _aЮ935.132-47
700 1 _aАносова
_bС. В.
_gСветлана Владимировна
_4070
790 1 _6z45510
_aAnosova
_bS. V.
_gSvetlana Vladimirovna
_4070
801 0 _aRU
_bРГБ
_c20101011
_grcr
801 1 _aRU
_bРГБ
_c20101011
801 2 _aRU
_bNLR
_c20101112
_grcr
942 _cBOOK
980 _aNB
980 _aNBR